Statistics for Countries Bordering China

Click here to take the quiz!

General Stats

  • This quiz has been taken 110 times
  • The average score is 12 of 14

Answer Stats

Answer % Correct
Mongolia
98%
Russia
97%
North Korea
95%
India
94%
Nepal
94%
Pakistan
91%
Vietnam
91%
Laos
90%
Tajikistan
87%
Kazakhstan
84%
Afghanistan
84%
Bhutan
83%
Burma
77%
Kyrgyzstan
77%

Score Distribution

Percentile by Number Answered

Percent of People with Each Score

Your Score History

You have not taken this quiz